01684cam a2200313 a 45000010005000000030006000050050017000110080041000280100017000690200025000860200022001110400018001330500017001510820011001681000020001792450078001992600042002773000047003195000020003665000063003865050437004495050007008865200333008935210027012265210018012536500036012716500015013077000048013226914FISKH20250606103952.0100514r20112009nyua j 001 0 eng  a 2010018526 a9780843122312 (pbk.) a0843122315 (pbk.) aDLCcDLCbeng aQE861.5 .A73 a567.9 1 aArdagh, Philip.10aDinosaurs :bclaws and all /cPhilip Ardagh ; illustrated by Mike Gordon. aNew York :bPrice Stern Sloan,c2011. a63 pages : bcolor illustrations ; c20 cm aIncludes index. aOriginally published: Great Britain : Scholastic UK, 2009.0 aWelcome to Henry's house! -- Egg-citing times! -- Mighty giants -- Defense -- The king of the dinosaurs -- Hatching a plan -- Slashing claws -- The raiders -- Zoom! -- Clues--clues--clues! -- Neck and neck -- Boneheads -- Big heads! -- Other life on Earth -- Big beast! -- Good and noisy! -- Cooling off -- Spine time -- Different times -- When in the world -- The death of dinos -- Famous finds -- Where in the world -- Dino guide.0 aP  aMeet Henry, an ordinary boy in an extraordinary house... There's a diplodocus in the basement and fossil footprints in the garden! Step inside Henry's House and join Henry, Jaggers the caretaker and a quirky cast of characters as they find out about dinosaurs. Fact-packed, fun-packed, get packed ... and head for Henry's House!8 a660 bLexile estimate 8 aP bRaz-Plus  0aDinosaursvJuvenile literature. 1aDinosaurs.1 aGordon, Mike,d1948 March 16-eillustrator